03359nab a2200301 i 4500003000900000005001700009008004100026040001800067072000800085100003300093100003200126100003100158100003300189100002700222245007300249500007400322520105200396520121401448650001602662650001102678650001002689650001802699650001202717773022402729856007702953942000803030999001903038BR-BrBNA20250120201216.0250120b2017 bl.mr|pooa||| 00| 0 eng | aBR-BrBNAbeng aN20 aFarias, Marcelo Silveira de  aSchlosser, José Fernando  aMartini, Alfran Tellechea  aSantos, Gustavo Oliveira dos aEstrada, Javier Solis  aAir and fuel supercharge in the performance of a diesel cycle engine aPublicação on-line; 15 ref.; 2 illus; 2 tables; Sumaries (En, Pt) a ABSTRACT - This paper aimed to evaluate the performance of a Diesel cycle engine, changing the configurations for the air and fuel supply system. Variables analyzed were torque, power, specific fuel consumption and thermal efficiency in four different engine configurations (aspirated, aspirated + service, turbocharged + service and turbocharged). For that, there were dynamometer experiments by power takeoff of an agricultural tractor. The experimental outline used was entirely randomized, in a bifatorial design with three repetitions. Results indicated that the engine supercharge, compared to its original configuration, provided a significant increase of torque and power. Only the addition of turbo does not caused a significant effect in the engine performance. Application of turbocharger provides an improvement in the burning of the air/fuel mixture, which favors the increase of engine power and; consequently, reduced the specific fuel consumption. Key words: agricultural tractor, turbocharger, injection pump, fuel consumption. a RESUMO - Este trabalho teve como objetivo avaliar o desempenho de um motor ciclo Diesel, alterando a configuração do sistema de alimentação de ar e de combustível. As variáveis analisadas foram torque, potência, consumo específico de combustível e eficiência térmica em quatro diferentes configurações do motor (aspirado, aspirado + serviço, turboalimentado + serviço e turboalimentado). Para isso, foram realizados experimentos dinamométricos por meio da tomada de potência de um trator agrícola. O delineamento experimental utilizado foi inteiramente casualizado, em desenho bifatorial com três repetições. Os resultados indicam que, a sobrealimentação do motor, em relação à configuração original, proporciona aumento significativo do torque e potência. Somente a adição de turbo não causa efeito significativo no desempenho do motor. A aplicação do turbocompressor proporciona melhoria na queima da mistura ar/combustível, o que favorece o aumento da potência do motor e, consequentemente, reduz o consumo específico de combustível. Palavras-chave: trator agrícola, turbocompressor, bomba injetora, consumo de combustível. aAGRICULTURA aTRATOR aMOTOR aCOMBUSTÍVEL aCONSUMO0 024089346532dSanta Maria-RS Universidade Federal de Santa Maria - Centro de Ciências Rurais 1991o2024-7203tCiência Rural (Brazil)x0103-8478 Versão online ISSN 1678-4596gv. 47(6) p. 1-7; (2017)wBR2024004168 uhttps://www.scielo.br/j/cr/a/wJDhBcQFsBdgbbhGw3kLNxD/?format=pdf&lang=en cANA c329626d329626